000 00558nam a22001937a 4500
999 _c165530
_d165530
005 20190621104255.0
010 _aB-125692
020 _a9789385085376
_c650.00
035 _aEN-109224
037 _bDBAD/PUB
082 _a934.045
100 _aTripathi, Arvind
245 _aAshoka in history and Historical memory/
_cby Arvind Tripathi
260 _aGhaziabad
_bA.J. Books
_c2017
270 _aB-46-A, Nandgram
_bGhaziabad U.P
300 _aviii,152p.
_c22cm(Hb)
_bill.
500 _ainclude index
942 _2ddc
_cEN
_h934.045
_mTRI